000 01019nam a22002777a 4500
001 8783
003 FISKH
005 20251020142733.0
008 251020b cb ||||| |||| 00| 0 eng d
020 _a9780194234306
040 _aFISKH
_beng
_cFISKH
_dFISKH428.6 LCC PE1126.A4 B76
050 _aPE1126.A4 B76
082 _a428.6
100 _aBrooke, Helen
_eAuthor
245 _aSurvive! /
_cIllustrated by Andy Parker
260 _aGreat Clarendon Street :
_bOxford University ,
_c2002
300 _a40 pages :
_bcolor illustrations ;
_c20 cm
505 _aG
520 _aYou are in a small plane, going across the Rocky Mountains. Suddenly, the engine starts to make strange noises . . .Soon you are alone, in the snow, at the top of a mountain, and it is very, very cold. Can you find your way out of the mountain?
521 8 _a340
_bLexile
521 8 _aG
_bRaz-Plus
650 _aRocky mountains
_vSurvival
700 _aParker, Andy
_eIllustrator
942 _2ddc
_cBK
_n0
999 _c8783
_d8783